00824cam a22002411 450000100060000000300080000600500170001400800410003103500190007203500190009104000450011004100080015508200250016324501030018826000380029130000290032950400290035850500940038765000170048165000250049865000240052370000350054729929BD-RjUL20211209051501.0140408s1960 enka b 000 0 eng  a(BD-RjUL)30014 a(OCoLC)1416195 aDLCcFJUNFdOCoLCdUkdDLCdBD-RjULbeng aeng a615.78bEXP V-2 196010aExperiments in personality /cedited by H J Eysenck.nV.2 :pPsychodiagnostics and psychodynamics. aLondon,bRoutledge & Paulc[1960] a2 v. :billus. ;c23 cm. aIncludes bibliographies.0 av. 1. Psychogenetics and psychopharmacology.--v. 2. Psychodiagnostics and psychodynamics. 0aPersonality. 0aClinical psychology. 0aPsychopharmacology.1 aEysenck, H. J.q(Hans Jurgen),